King, Governance and law in ancient India : (Record no. 87579)

MARC details
000 -LEADER
fixed length control field 00717nam a22002057a 4500
005 - DATE AND TIME OF LATEST TRANSACTION
control field 20140827121705.0
010 ## - LCCN (DPL NO)
LC control number ENG-110596
020 ## - INTERNATIONAL STANDARD BOOK NUMBER
International Standard Book Number 9780198096269
Terms of availability 1595.00
020 ## - INTERNATIONAL STANDARD BOOK NUMBER
International Standard Book Number 0198096267
Terms of availability 1595.00
035 ## - SYSTEM CONTROL NUMBER
System control number EN-94128
037 ## - SOURCE OF ACQUISITION
Source of stock number/acquisition DBAD/PUB
082 ## - DEWEY DECIMAL CLASSIFICATION NUMBER
Classification number 351.01
245 ## - TITLE STATEMENT
Title King, Governance and law in ancient India :
Statement of responsibility, etc a new annotated ranslation by Patrick Olivelle
Remainder of title Kautilya's Arthasastra /
260 ## - PUBLICATION, DISTRIBUTION, ETC. (IMPRINT)
Place of publication, distribution, etc New Delhi
Name of publisher, distributor, etc Oxford University Press
Date of publication, distribution, etc 2013
270 ## - ADDRESS
Address YMCA Library Building, 1 Jai Singh Road
City New Delhi
Postal code 110001
300 ## - PHYSICAL DESCRIPTION
Extent xxix,753p.
Dimensions 24cm(Hb)
500 ## - GENERAL NOTE
General note Includes bibliographical references and index
700 ## - ADDED ENTRY--PERSONAL NAME
Personal name Olivelle, Patrick
942 ## - ADDED ENTRY ELEMENTS (KOHA)
Source of classification or shelving scheme Dewey Decimal Classification
Item type English Books
Call number suffix KIN
Classification part 351.01
Holdings
Withdrawn status Lost status Not for loan Collection code Home library Current library Date acquired Source of acquisition Cost, normal purchase price Full call number Barcode Copy number Cost, replacement price Koha item type
    Not For Loan Non-fiction D.B.Act.Division D.B.Act.Division 05/08/2014 DBAD/PUB 1595.00 351.01 KIN EN-94128 1 1595.00 English Books

© Delhi Public Library
Hit Counter
free hit counter